000 00319nam a2200133Ia 4500
008 240624s9999 xx 000 0 und d
041 _aeng
082 _a331.70233 GUP
100 _aGUPTA VIBHA
245 _aCAREERS A PATHFINDER
260 _c2004
_aNew Delhi
_bTata McGrawhill
300 _axxviii, : 666
365 _cRS
999 _c1206
_d1206